Force On Force (Record no. 23669)

000 -LEADER
fixed length control field 00219nam a22000857a 4500
003 - CONTROL NUMBER IDENTIFIER
control field NUST
005 - DATE AND TIME OF LATEST TRANSACTION
control field 20171208162214.0
008 - FIXED-LENGTH DATA ELEMENTS--GENERAL INFORMATION
fixed length control field 131230b xxu||||| |||| 00| 0 eng d
020 ## - INTERNATIONAL STANDARD BOOK NUMBER
Terms of availability Available
International Standard Book Number 978189085168
040 ## - CATALOGING SOURCE
Original cataloging agency DLC
Language of cataloging DLC
Transcribing agency RCMS
082 ## - DEWEY DECIMAL CLASSIFICATION NUMBER
Classification number 823.8 ROB
100 ## - MAIN ENTRY--PERSONAL NAME
Personal name Shawn Robby Carpenter
9 (RLIN) 7103
245 ## - TITLE STATEMENT
Title Force On Force
Statement of responsibility, etc. Shawn
Remainder of title Modern Wargaming Rules
260 ## - PUBLICATION, DISTRIBUTION, ETC.
Place of publication, distribution, etc. USA
Name of publisher, distributor, etc. Ospay
Date of publication, distribution, etc. c,2011.
300 ## - PHYSICAL DESCRIPTION
Extent 224,p:
Other physical details ill:
Dimensions 22,cm.
538 ## - SYSTEM DETAILS NOTE
Display text New Arrivals Shelf #1 Row # 2
600 ## - SUBJECT ADDED ENTRY--PERSONAL NAME
General subdivision Wargaming Rules
9 (RLIN) 7104
856 ## - ELECTRONIC LOCATION AND ACCESS
Materials specified Table of contents only
Uniform Resource Identifier <a href="http://www.loc.gov/catdir/toc/ecip0716/2007017469.html">http://www.loc.gov/catdir/toc/ecip0716/2007017469.html</a>
942 ## - ADDED ENTRY ELEMENTS (KOHA)
Source of classification or shelving scheme
Koha item type Book
Holdings
Withdrawn status Lost status Source of classification or shelving scheme Damaged status Not for loan Permanent Location Current Location Shelving location Date acquired Total Checkouts Barcode Date last seen Price effective from Koha item type
          School of Interdisciplinary Engineering and Sciences (SINES) School of Interdisciplinary Engineering and Sciences (SINES) General Stacks 12/30/2013   RCMS002558 12/30/2013 12/30/2013 Book
© 2023 Central Library, National University of Sciences and Technology. All Rights Reserved.